000 02718cam a22004934i 4500
003 PE-LiUPU
005 20250731173030.0
008 170810s2013 miu rb 000 0 eng d
020 _a0982784945
020 _a9780982784945
035 _a(Sirsi) a238223
040 _aPE-LiUPU
_bspa
_cPE-LiUPU
_erda
049 _aPRUA
082 0 4 _a230.0904
_bR4
_223
111 2 _aSymposium on Postmodern Sensitive Mission
_n (1st :
_d 2012 :
_c Berrien Springs, Michigan)
245 1 0 _aRevisiting postmodernism :
_ban old debate on a new era /
_cBruce L. Bauer; Kleber O.Gonçalves [editores].
264 1 _aBerrien Springs, Michigan :
_b Departament of World Mission, Andrews University,
_c2013.
300 _axi, 396 páginas ;
_c23 centímetros.
336 _atext
_2rdacontent
337 _aunmediated
_2rdamedia
338 _avolume
_2rdacarrier
490 1 _aAndrews University mission studies ;
_v13
504 _aBibliografía : Al final de cada capítulo.
505 0 _a"Watchmen" over the flux of thought: Michael foucault and the historical development of postmodernist philosophy -- Postmodern evangelism: sharing the gospel as a nonviolent metanarrative -- Christianity for postmoderns: from metanarrative to storytelling -- Framing the gospel for the relational context of postmodernism -- The whole truth and nothing but: discipleship in a post-christian age -- Conversion and worldview transformation among postmoderns -- Reading psalm 23 through postmodern eyes: insights and lessons for missiologists -- Witnessing to christ in a secular, post-christian, postmodern context -- Through a glass darkly: speaking of truth in postmodern times -- Postmodernism and the re-birth of christian literacy... Is the European seventh-day Adventist church postmodern? some socio-theological remarks on postmodernity and multiculturalsm in the context of mission.
526 _aSEG42
526 _aSEG41
526 _aSEG40
526 _aSEG39
526 _aP94
526 _aP87
526 _aP86
526 _aP85
526 _aP77
526 _aP76
526 _aP35
650 0 4 _aMisiones.
650 0 4 _aPosmodernismo
_xAspectos religiosos
_xCristianos.
910 _ajck
_bncf
_cncf
_d20170810
942 _2ddc
_cBOOK
949 _a230.0904 R4
_wDEWEY
_c1
_i76785
_lCCODEBUL1
_mBUL
_p15.00
_r0
_sY
_tBOOK
_u2017-08-08
_xTEOLOGIA
_PP35
_0COMPRA
_o.STAFF. Colección Teología
596 _a1
999 _a230.0904 R4
_wDEWEY
_c24926
_i76785
_d24926
_e2017-9-29
_f2021-11-9
_g4
_lCCODEBUL1
_mBUL
_n1
_p15.00
_r0
_sY
_tBOOK
_u2017-8-10
_xTEOLOGIA
_PP35
_0COMPRA
_o.STAFF. Colección Teología
980 _81
_gALBERTO SANCHEZ Responsable de Automatización